STN EN 17899: 2025 (75 7382), Kvalita vody. Spektrofotometrické stanovenie chlorofylu-a použitím extrakcie etanolom na rutinné monitorovanie kvality vody

Táto slovenská technická norma je slovenskou verziou európskej normy EN 17899: 2024. Preklad zabezpečil Úrad pre normalizáciu, metrológiu a skúšobníctvo Slovenskej republiky. Táto STN EN 17899 norma má rovnaké postavenie ako majú oficiálne verzie

Bibliographic Details
Other Authors: Borovská, Daša (Translator)
Format: Book
Language:Slovak
English
PhysicalDescription:20 strán tabuľky, vzorce 30 cm
Published: Bratislava Úrad pre normalizáciu, metrológiu a skúšobníctvo Slovenskej republiky 2025
Subjects:

MARC

LEADER 00000cam a2200000 4500
001 vtls012282068
003 SK-MaSNL
005 20260426014522.0
008 250902s2025 xo al f nu 000 0 slo
015 |a SNBN2025 
020 |q (brožované) 
040 |a SNK  |b slo  |c SNK  |e rda 
041 1 |a slo  |h eng 
043 |a e-xo---  |a e------ 
044 |a xo  |c SK 
046 |a s  |m (účinná) 
072 7 |a 006  |x Metrológia. Štandardizácia  |2 konspekt 
072 7 |a 502  |x Životné prostredie a jeho ochrana  |2 konspekt 
072 7 |a 556  |x Hydrológia  |2 konspekt 
080 |a 006.7/.8  |2 2011 
080 |a (437.6)  |2 2011 
080 |a (4-6EU)  |2 2011 
080 |a (083)  |2 2011 
080 |a 502.175:502.51  |2 2011 
080 |a 556  |2 2011 
084 |a 13.060.70  |2 ICS 
084 |a 71.040.50  |2 ICS 
130 0 |a STN 75 7382 (STN EN 17899)  |9 737491 
245 1 0 |a STN EN 17899: 2025 (75 7382), Kvalita vody. Spektrofotometrické stanovenie chlorofylu-a použitím extrakcie etanolom na rutinné monitorovanie kvality vody 
246 3 0 |a Kvalita vody 
246 3 0 |a Spektrofotometrické stanovenie chlorofylu-a použitím extrakcie etanolom na rutinné monitorovanie kvality vody 
246 3 1 |a EN 17899: 2024 
264 1 |a Bratislava  |b Úrad pre normalizáciu, metrológiu a skúšobníctvo Slovenskej republiky  |c 2025 
300 |a 20 strán  |b tabuľky, vzorce  |c 30 cm 
336 |a text  |b txt  |2 rdacontent 
337 |a bez média  |b n  |2 rdamedia 
338 |a zväzok  |b nc  |2 rdacarrier 
500 |a Preložené z angličtiny 
500 |a Spracovateľ: Výskumný ústav vodného hospodárstva, Bratislava, Daša Borovská 
500 |a Táto slovenská norma nahrádza anglickú verziu STN EN 17899 z novembra 2024 v celom rozsahu 
504 |a Normatívne referenčné dokumenty na strane 2 a bibliografia na strane 20 
520 8 |a Táto slovenská technická norma je slovenskou verziou európskej normy EN 17899: 2024. Preklad zabezpečil Úrad pre normalizáciu, metrológiu a skúšobníctvo Slovenskej republiky. Táto STN EN 17899 norma má rovnaké postavenie ako majú oficiálne verzie 
540 |a STN vydané na akomkoľvek nosiči sa môžu rozmnožovať a rozširovať iba so súhlasom určenej právnickej osoby  |b ÚNMS SR Bratislava  |c zákon 60/2018 Z. z. 
546 |a Súbežný názov v angličtine, francúzštine a nemčine 
650 0 7 |a technické normy a štandardy  |2 SNKPH  |9 69944 
650 0 7 |a kvalita vody  |2 SNKPH  |9 26942 
650 0 7 |a Technical standards  |2 SNKPHeng  |9 291771 
650 0 7 |a Water quality  |2 SNKPHeng  |9 290979 
650 0 7 |a voda  |2 SNKPH  |9 854 
650 0 7 |a spektrofotometria  |2 SNKPH  |9 14618 
650 0 7 |a Water  |2 SNKPH  |9 291971 
651 7 |a Slovensko  |2 SNKPHgeo  |9 14231 
651 7 |a krajiny Európskej únie  |2 SNKPHgeo  |9 31482 
651 7 |a Slovakia  |2 SNKPHeng  |9 92630 
651 7 |a European Union countries  |2 SNKPHeng  |9 276031 
655 7 |a normy  |2 SNKPH  |9 70643 
655 7 |a Standards  |2 SNKPHeng  |9 287969 
700 1 |a Borovská, Daša  |4 trl  |9 303172 
710 1 |a Slovensko.  |b Úrad pre normalizáciu, metrológiu a skúšobníctvo  |4 stn  |9 158117 
710 2 |a Slovensko.  |b Úrad pre normalizáciu, metrológiu a skúšobníctvo.  |b Technická komisia č. 27 Kvalita a ochrana vody  |4 stn  |9 359586 
710 2 |a Výskumný ústav vodného hospodárstva (Bratislava, Slovensko)  |4 stn  |9 33960 
958 |a NB 
958 |a OP 
999 |c 1160193  |d 1162123 
952 |a SNK  |b SNK  |y NEVYP  |7 1  |p 17A1577223  |o snkSTN EN 17899  |i snk2025/14622  |8 0  |0 0  |1 0  |4 0  |d 2025-09-17  |l 0  |r 2026-02-24 20:30:39  |w 2026-02-24